[Event "LSS No Engine Cup 179 Preliminary 0"]
[Site "LSS email"]
[Date "2018.05.28"]
[Round "?"]
[White "Caviglia, Maximiliano"]
[Black "Ragnoli, Emanuele"]
[Result "1-0"]
[WhiteElo "1462"]
[BlackElo "1600"]
[PlyCount "31"]
[EventDate "2018.05.29"]
[EventType "tourn (corr)"]
[EventRounds "6"]
[EventCountry "GER"]
[SourceTitle "Corr 2022"]
[Source "ChessBase"]
[SourceDate "2021.10.24"]
[SourceVersion "1"]
[SourceVersionDate "2021.10.24"]
[SourceQuality "1"]

1. d4 d5 2. Nf3 Nf6 3. Bf4 Nc6 4. e3 e6 5. c3 Bd6 6. Bg5 0-0 7. Nbd2 h6 8. Bh4 g5 9. Bg3 Bxg3 10. hxg3 a6 11. Rxh6 Ng4 12. Rh1 Qf6 13. Bd3 b5 14. Rh5 Ne7 15. Rxg5+ Ng6 16. Rxg4 1-0

[Event "SN-2018-0-00927"]
[Site "LSS email"]
[Date "2018.05.28"]
[Round "?"]
[White "Neil, Charles"]
[Black "Ragnoli, Emanuele"]
[Result "0-1"]
[WhiteElo "407"]
[BlackElo "921"]
[PlyCount "54"]
[EventDate "2018.05.10"]
[EventType "tourn (corr)"]
[EventRounds "6"]
[EventCountry "GER"]
[SourceTitle "Corr 2022"]
[Source "ChessBase"]
[SourceDate "2021.10.24"]
[SourceVersion "1"]
[SourceVersionDate "2021.10.24"]
[SourceQuality "1"]

1. d4 d5 2. c4 e6 3. Nc3 Nf6 4. Bg5 Bb4 5. e3 0-0 6. Nf3 Bxc3+ 7. bxc3 c6 8. Bd3 Nbd7 9. 0-0 h6 10. Bh4 g5 11. Bg3 Ne4 12. Qc2 Nxg3 13. hxg3 g4 14. Nh2 f5 15. cxd5 cxd5 16. Rfc1 a6 17. c4 Nf6 18. cxd5 Nxd5 19. Rab1 Qd6 20. Nxg4 fxg4 21. Bh7+ Kh8 22. Qg6 Nf6 23. Rxc8 Raxc8 24. Rxb7 Rc1+ 25. Kh2 Rc7 26. Rb8 Rxb8 27. Qxf6+ Kxh7 0-1

[Event "SN-2018-0-00927"]
[Site "LSS email"]
[Date "2018.05.28"]
[Round "?"]
[White "Ragnoli, Emanuele"]
[Black "Oberlaender, Rolf"]
[Result "1-0"]
[WhiteElo "921"]
[BlackElo "746"]
[PlyCount "85"]
[EventDate "2018.05.10"]
[EventType "tourn (corr)"]
[EventRounds "6"]
[EventCountry "GER"]
[SourceTitle "Corr 2022"]
[Source "ChessBase"]
[SourceDate "2021.10.24"]
[SourceVersion "1"]
[SourceVersionDate "2021.10.24"]
[SourceQuality "1"]

1. e4 e5 2. Nf3 Nf6 3. Nc3 Nc6 4. Bb5 a6 5. Bxc6 bxc6 6. d4 d5 7. Nxe5 Bb7 8. 0-0 Bd6 9. Bg5 0-0 10. a3 dxe4 11. Bxf6 Qxf6 12. Nxe4 Qf4 13. Nxd6 cxd6 14. g3 Qe4 15. Re1 Qf5 16. Nc4 Rad8 17. Re7 Ba8 18. Ne3 Qh3 19. Qd3 Rde8 20. Ra7 d5 21. Qxa6 h5 22. Re1 Qe6 23. c3 h4 24. Nc2 Qg6 25. Rxe8 Rxe8 26. Rxa8 Rxa8 27. Qxa8+ Kh7 28. Ne3 h3 29. Qa6 Qb1+ 30. Qf1 Qxb2 31. Qxh3+ Kg8 32. Qc8+ Kh7 33. Qxc6 Qxa3 34. Qxd5 Qxc3 35. Qc5 Qa1+ 36. Kg2 Qa8+ 37. Qd5 Qe8 38. Qe5 Qc6+ 39. d5 Qb7 40. Nf5 f6 41. Qe6 Kg6 42. Ne7+ Kh7 43. Qh3# 1-0

[Event "RN-2018-0-01438"]
[Site "LSS email"]
[Date "2018.05.28"]
[Round "?"]
[White "Ragnoli, Emanuele"]
[Black "Pauk, Jozef"]
[Result "0-1"]
[WhiteElo "908"]
[BlackElo "738"]
[PlyCount "24"]
[EventDate "2018.05.12"]
[EventType "tourn (corr)"]
[EventRounds "6"]
[EventCountry "GER"]
[SourceTitle "Corr 2022"]
[Source "ChessBase"]
[SourceDate "2021.10.24"]
[SourceVersion "1"]
[SourceVersionDate "2021.10.24"]
[SourceQuality "1"]

1. e4 c5 2. Nf3 d6 3. Nc3 Bg4 4. h3 Bh5 5. g4 Bg6 6. d3 e5 7. Be3 f6 8. Qd2 Nc6 9. 0-0-0 Qa5 10. a3 b5 11. Nd5 b4 12. axb4 Qa1# 0-1

[Event "RN-2018-0-01438"]
[Site "LSS email"]
[Date "2018.05.28"]
[Round "?"]
[White "Ragnoli, Emanuele"]
[Black "Venturas, Bob"]
[Result "1-0"]
[WhiteElo "908"]
[BlackElo "638"]
[PlyCount "69"]
[EventDate "2018.05.12"]
[EventType "tourn (corr)"]
[EventRounds "6"]
[EventCountry "GER"]
[SourceTitle "Corr 2022"]
[Source "ChessBase"]
[SourceDate "2021.10.24"]
[SourceVersion "1"]
[SourceVersionDate "2021.10.24"]
[SourceQuality "1"]

1. e4 e5 2. Nf3 Nc6 3. Nc3 Nf6 4. Bb5 d6 5. Bxc6+ bxc6 6. d4 Ba6 7. dxe5 dxe5 8. Qxd8+ Rxd8 9. Nxe5 Rd6 10. Be3 Re6 11. f4 c5 12. 0-0-0 Bd6 13. Rhe1 0-0 14. g4 Bxe5 15. fxe5 Rxe5 16. Bf4 Re6 17. g5 Nh5 18. Bxc7 Rfe8 19. Bd6 c4 20. Rd4 f6 21. Na4 fxg5 22. Nc5 Rxd6 23. Rxd6 Bc8 24. Rd4 Bg4 25. Rxc4 Nf4 26. Ra4 Ne2+ 27. Kd2 Nf4 28. e5 Rd8+ 29. Kc1 Ne2+ 30. Kb1 Rd5 31. Rxg4 Rxe5 32. Nd3 Re8 33. Rg2 Nc3+ 34. bxc3 Rb8+ 35. Kc1 1-0

[Event "SN-2018-0-00927"]
[Site "LSS email"]
[Date "2018.05.28"]
[Round "?"]
[White "Ragnoli, Emanuele"]
[Black "Venturas, Bob"]
[Result "1-0"]
[WhiteElo "921"]
[BlackElo "639"]
[PlyCount "57"]
[EventDate "2018.05.10"]
[EventType "tourn (corr)"]
[EventRounds "6"]
[EventCountry "GER"]
[SourceTitle "Corr 2022"]
[Source "ChessBase"]
[SourceDate "2021.10.24"]
[SourceVersion "1"]
[SourceVersionDate "2021.10.24"]
[SourceQuality "1"]

1. d4 d5 2. Nf3 Nc6 3. Nc3 Nf6 4. Bg5 Bf5 5. Bxf6 exf6 6. h3 h6 7. e3 a6 8. Bd3 Bg6 9. 0-0 Bd6 10. Nxd5 0-0 11. c3 Ne7 12. Nxe7+ Qxe7 13. Bxg6 fxg6 14. Qb3+ Kh8 15. Qxb7 f5 16. Qd5 Rac8 17. b4 c6 18. Qc4 Qb7 19. Ne5 Bxe5 20. dxe5 Qb5 21. Qe6 Kh7 22. a4 Qd3 23. Rad1 Qxc3 24. Rd6 Rce8 25. Qxg6+ Kh8 26. Rxc6 Qxb4 27. Rc7 Re7 28. Rfc1 Ref7 29. Rxf7 1-0

[Event "RN-2018-0-01431"]
[Site "LSS email"]
[Date "2018.05.01"]
[Round "?"]
[White "Tolnai, Rudolf"]
[Black "Ragnoli, Emanuele"]
[Result "0-1"]
[WhiteElo "865"]
[BlackElo "848"]
[PlyCount "50"]
[EventDate "2018.04.20"]
[EventType "tourn (corr)"]
[EventRounds "6"]
[EventCountry "GER"]
[SourceTitle "Corr 2022"]
[Source "ChessBase"]
[SourceDate "2021.10.24"]
[SourceVersion "1"]
[SourceVersionDate "2021.10.24"]
[SourceQuality "1"]

1. e4 e5 2. Bc4 Nf6 3. d3 Nc6 4. c3 d6 5. h3 Be7 6. Nf3 0-0 7. 0-0 h6 8. Be3 a6 9. Nbd2 b5 10. Bb3 d5 11. exd5 Nxd5 12. c4 Nxe3 13. fxe3 Qxd3 14. Re1 Qg6 15. Kh2 e4 16. Nd4 Rd8 17. Nxc6 Qxc6 18. Rc1 Qd6+ 19. Kh1 Qxd2 20. Qh5 Bf6 21. cxb5 Rd7 22. Rcd1 Qa5 23. Rf1 Qxb5 24. Bxf7+ Rxf7 25. Rd8+ Kh7 0-1

[Event "SN-2018-0-00920"]
[Site "LSS email"]
[Date "2018.04.22"]
[Round "?"]
[White "Ragnoli, Emanuele"]
[Black "Venturas, Bob"]
[Result "1-0"]
[WhiteElo "848"]
[BlackElo "665"]
[PlyCount "71"]
[EventDate "2018.03.28"]
[EventType "tourn (corr)"]
[EventRounds "6"]
[EventCountry "GER"]
[SourceTitle "Corr 2022"]
[Source "ChessBase"]
[SourceDate "2021.10.24"]
[SourceVersion "1"]
[SourceVersionDate "2021.10.24"]
[SourceQuality "1"]

1. d4 d5 2. c4 Nc6 3. cxd5 Qxd5 4. Nf3 h6 5. Nc3 Qd6 6. e4 Bg4 7. Be2 0-0-0 8. h3 Bxf3 9. Bxf3 Qxd4 10. Qb3 e5 11. Be3 Qb4 12. 0-0 Nf6 13. Qxf7 Rd7 14. Qe6 Bd6 15. Nd5 Qa5 16. Nxf6 gxf6 17. Bg4 Rhd8 18. Qxf6 Rf8 19. Qxh6 Rff7 20. Qh8+ Rf8 21. Qg7 Qb4 22. Bxd7+ Kb8 23. Rad1 Be7 24. a3 Bf6 25. Qh6 Qe7 26. Bxc6 bxc6 27. Rd7 Qxd7 28. Qxf8+ Qd8 29. Qc5 Kc8 30. Qxa7 Qd3 31. Qa8+ Kd7 32. Rc1 Qb5 33. Rd1+ Ke6 34. Qe8+ Be7 35. Bg5 Qc5 36. Qg8# 1-0

[Event "RN-2018-0-01426"]
[Site "LSS email"]
[Date "2018.04.18"]
[Round "?"]
[White "Kuttner, Jaromir"]
[Black "Ragnoli, Emanuele"]
[Result "0-1"]
[WhiteElo "950"]
[BlackElo "848"]
[PlyCount "116"]
[EventDate "2018.04.02"]
[EventType "tourn (corr)"]
[EventRounds "6"]
[EventCountry "GER"]
[SourceTitle "Corr 2022"]
[Source "ChessBase"]
[SourceDate "2021.10.24"]
[SourceVersion "1"]
[SourceVersionDate "2021.10.24"]
[SourceQuality "1"]

1. e4 e5 2. Nf3 Nc6 3. d4 d6 4. dxe5 dxe5 5. Qxd8+ Nxd8 6. Nxe5 Bb4+ 7. c3 Ba5 8. Bc4 Be6 9. Bxe6 Nxe6 10. Be3 a6 11. b4 f6 12. Nc4 Bb6 13. Nxb6 cxb6 14. Bxb6 Nh6 15. Nd2 0-0 16. 0-0-0 Rac8 17. Kb2 Ng4 18. g3 Rc6 19. Be3 Nxe3 20. fxe3 Re8 21. h4 b5 22. Kb3 h6 23. Rhf1 Kh7 24. a4 bxa4+ 25. Kb2 a3+ 26. Kb3 Nc7 27. c4 Re5 28. Rf5 Rxf5 29. exf5 g6 30. Kxa3 gxf5 31. h5 Ne6 32. Rf1 Ng7 33. Kb3 Rd6 34. Kc3 Nxh5 35. Rf3 Kg6 36. c5 Re6 37. Kc4 Kg5 38. Kd5 Re5+ 39. Kd6 Re8 40. c6 Rd8+ 41. Kc7 Rxd2 42. Kb7 Rb2 43. Kxa6 Rxb4 44. c7 Rc4 45. Kb7 Rxc7+ 46. Kxc7 Kg4 47. Rf1 Nxg3 48. Rg1 h5 49. Kd6 h4 50. Kd5 h3 51. Ke6 h2 52. Rd1 Kg5 53. Kd5 h1Q+ 54. Rxh1 Nxh1 55. Kd4 Kg4 56. Kd3 Nf2+ 57. Ke2 Ne4 58. Kd3 Kf3 0-1

[Event "RN-2018-0-01426"]
[Site "LSS email"]
[Date "2018.04.18"]
[Round "?"]
[White "Ragnoli, Emanuele"]
[Black "Venturas, Bob"]
[Result "1/2-1/2"]
[WhiteElo "848"]
[BlackElo "693"]
[PlyCount "49"]
[EventDate "2018.04.02"]
[EventType "tourn (corr)"]
[EventRounds "6"]
[EventCountry "GER"]
[SourceTitle "Corr 2022"]
[Source "ChessBase"]
[SourceDate "2021.10.24"]
[SourceVersion "1"]
[SourceVersionDate "2021.10.24"]
[SourceQuality "1"]

1. d4 d5 2. Nf3 h6 3. Nc3 Nf6 4. h3 Nc6 5. e3 a6 6. Bd3 e6 7. 0-0 Bb4 8. Bd2 b6 9. a3 Bd6 10. e4 dxe4 11. Nxe4 0-0 12. Nxf6+ Qxf6 13. Be4 Bb7 14. Bc3 Qf4 15. Qd3 Qf6 16. d5 Ne5 17. Bxe5 Bxe5 18. dxe6 Bxe4 19. Qxe4 Qxe6 20. Nxe5 Rfe8 21. f4 f6 22. Qc4 fxe5 23. Qxe6+ Rxe6 24. f5 Rd6 25. Rfe1 1/2-1/2

[Event "RN-2018-0-01426"]
[Site "LSS email"]
[Date "2018.04.18"]
[Round "?"]
[White "Tolnai, Rudolf"]
[Black "Ragnoli, Emanuele"]
[Result "0-1"]
[WhiteElo "864"]
[BlackElo "848"]
[PlyCount "52"]
[EventDate "2018.04.02"]
[EventType "tourn (corr)"]
[EventRounds "6"]
[EventCountry "GER"]
[SourceTitle "Corr 2022"]
[Source "ChessBase"]
[SourceDate "2021.10.24"]
[SourceVersion "1"]
[SourceVersionDate "2021.10.24"]
[SourceQuality "1"]

1. e4 e5 2. Bc4 Bc5 3. c3 Nf6 4. d3 Nc6 5. Bg5 h6 6. Bxf6 Qxf6 7. Qf3 Qf4 8. Nd2 d6 9. h3 0-0 10. Ne2 Qg5 11. 0-0-0 Be6 12. Kb1 a6 13. h4 Qe7 14. g4 b5 15. Bb3 a5 16. Bc2 a4 17. Rdg1 b4 18. h5 Rfb8 19. Nc4 b3 20. Bd1 bxa2+ 21. Kxa2 Na5 22. b3 axb3+ 23. Kb2 Nxc4+ 24. dxc4 Bxc4 25. Nc1 Qg5 26. Nxb3 Qd2+ 0-1

[Event "LSS RN-2009-0-00246"]
[Site "LSS email"]
[Date "2009.12.21"]
[Round "?"]
[White "Ragnoli, Emanuele"]
[Black "Ladeira, Paulo Ribeiro Soare"]
[Result "1/2-1/2"]
[WhiteElo "794"]
[BlackElo "728"]
[PlyCount "58"]
[EventDate "2009.12.02"]
[EventType "tourn (corr)"]
[EventRounds "6"]
[EventCountry "GER"]
[SourceTitle "Corr 2013"]
[Source "ChessBase"]
[SourceDate "2012.11.12"]
[SourceVersion "1"]
[SourceVersionDate "2012.11.12"]
[SourceQuality "1"]

1. e4 e6 2. d4 d5 3. e5 c5 4. c3 Nc6 5. Nf3 Qb6 6. Be3 cxd4 7. cxd4 Qxb2 8. Nbd2 Bb4 9. Be2 Bc3 10. Rc1 Bxd4 11. Rc2 Qb4 12. 0-0 Bxe5 13. Bc5 Qa5 14. Nb3 Qd8 15. Bb5 Bd6 16. Qd4 Nf6 17. Bxc6+ bxc6 18. Ne5 0-0 19. Nxc6 Qc7 20. Bxd6 Qxd6 21. Qc5 Qxc5 22. Nxc5 Bd7 23. Nxd7 Nxd7 24. Rb1 Nf6 25. Rb7 a6 26. g3 Kh8 27. a4 Rfc8 28. Rxf7 d4 29. Nxd4 Rxc2 1/2-1/2

[Event "LSS SN-2009-0-00194"]
[Site "LSS email"]
[Date "2009.10.24"]
[Round "?"]
[White "Reed, James A"]
[Black "Ragnoli, Emanuele"]
[Result "0-1"]
[WhiteElo "746"]
[BlackElo "733"]
[PlyCount "36"]
[EventDate "2009.10.08"]
[EventType "tourn (corr)"]
[EventRounds "6"]
[EventCountry "GER"]
[SourceTitle "Telechess CBM 137"]
[Source "ChessBase"]
[SourceDate "2010.07.15"]
[SourceVersion "1"]
[SourceVersionDate "2010.07.15"]
[SourceQuality "1"]

1. e4 c5 2. Nf3 Nf6 3. e5 Nd5 4. c3 Nc6 5. d4 cxd4 6. cxd4 e6 7. a3 d6 8. Bb5 Bd7 9. Bxc6 Bxc6 10. 0-0 Be7 11. Re1 0-0 12. Bd2 Rc8 13. Nc3 Nxc3 14. Bxc3 h6 15. Qe2 Qd7 16. h3 dxe5 17. Nxe5 Qd5 18. Red1 Qxg2# 0-1

[Event "LSS SN-2009-0-00154"]
[Site "LSS email"]
[Date "2009.05.13"]
[Round "?"]
[White "Checa, Nicholas de T"]
[Black "Ragnoli, Emanuele"]
[Result "0-1"]
[WhiteElo "741"]
[BlackElo "824"]
[PlyCount "26"]
[EventDate "2009.04.26"]
[EventType "tourn (corr)"]
[EventRounds "6"]
[EventCountry "GER"]
[SourceTitle "Corr 2015"]
[Source "ChessBase"]
[SourceDate "2015.07.17"]
[SourceVersion "1"]
[SourceVersionDate "2015.07.17"]
[SourceQuality "1"]

1. e4 c5 2. Nf3 Nf6 3. Nc3 d5 4. exd5 Nxd5 5. Nxd5 Qxd5 6. Bb5+ Bd7 7. Bxd7+ Nxd7 8. d3 e6 9. 0-0 Bd6 10. Bd2 0-0 11. Qe2 Nf6 12. c4 Qh5 13. g3 Ng4 0-1

[Event "LSS SN-2009-0-00154"]
[Site "LSS email"]
[Date "2009.05.13"]
[Round "?"]
[White "Lanier, Jeff"]
[Black "Ragnoli, Emanuele"]
[Result "1-0"]
[WhiteElo "909"]
[BlackElo "750"]
[PlyCount "63"]
[EventDate "2009.04.26"]
[EventType "tourn (corr)"]
[EventRounds "6"]
[EventCountry "GER"]
[SourceTitle "Corr 2011"]
[Source "ChessBase"]
[SourceDate "2010.08.31"]
[SourceVersion "1"]
[SourceVersionDate "2010.08.31"]
[SourceQuality "1"]

1. e4 e5 2. Nf3 Nc6 3. Bc4 Bc5 4. Nc3 Nf6 5. a3 0-0 6. d3 d6 7. h3 a6 8. 0-0 h6 9. Nd5 Nxd5 10. Bxd5 Qf6 11. Be3 Qg6 12. Bxc5 dxc5 13. Kh1 Nd4 14. Nxe5 Qg5 15. Nf3 Nxf3 16. Qxf3 c6 17. Bc4 b5 18. Ba2 a5 19. Rae1 b4 20. e5 bxa3 21. bxa3 Be6 22. Bxe6 fxe6 23. Qxc6 Qe7 24. f4 Rac8 25. Qa4 Qc7 26. Rb1 Qa7 27. Rb5 Ra8 28. Rfb1 Rfb8 29. Rxb8+ Rxb8 30. Rxb8+ Qxb8 31. Qc4 Qb6 32. f5 1-0

[Event "LSS SN-2009-0-00154"]
[Site "LSS email"]
[Date "2009.05.13"]
[Round "?"]
[White "Ragnoli, Emanuele"]
[Black "Vontina, Maria"]
[Result "1-0"]
[WhiteElo "750"]
[BlackElo "650"]
[PlyCount "67"]
[EventDate "2009.04.26"]
[EventType "tourn (corr)"]
[EventRounds "6"]
[EventCountry "GER"]
[SourceTitle "Corr 2011"]
[Source "ChessBase"]
[SourceDate "2010.08.31"]
[SourceVersion "1"]
[SourceVersionDate "2010.08.31"]
[SourceQuality "1"]

1. d4 Nf6 2. Nc3 e6 3. e4 d5 4. e5 Nfd7 5. Nf3 Be7 6. Bd3 0-0 7. 0-0 c5 8. dxc5 Nxc5 9. a3 Nxd3 10. Qxd3 a6 11. g3 Bd7 12. h4 Nc6 13. Ng5 Bxg5 14. Bxg5 Qe8 15. Rae1 b5 16. b4 Ne7 17. Ne2 Ng6 18. h5 Ne7 19. h6 Ng6 20. hxg7 Kxg7 21. Bf6+ Kg8 22. Qd4 Rc8 23. Rc1 Rc4 24. Qa7 Qc8 25. c3 Qc7 26. Qe3 Rg4 27. Qh6 Nxe5 28. Nf4 Rc8 29. Kg2 Bc6 30. Kh3 Qd6 31. Rh1 Qf8 32. Qh5 Rxf4 33. gxf4 Nd7 34. Rhg1+ 1-0

[Event "LSS SN-2009-0-00139"]
[Site "LSS email"]
[Date "2009.03.07"]
[Round "?"]
[White "Ragnoli, Emanuele"]
[Black "Basu, Pritwish"]
[Result "1/2-1/2"]
[WhiteElo "754"]
[BlackElo "798"]
[PlyCount "65"]
[EventDate "2009.02.25"]
[EventType "tourn (corr)"]
[EventRounds "6"]
[EventCountry "GER"]
[SourceTitle "Telechess CBM 137"]
[Source "ChessBase"]
[SourceDate "2010.07.15"]
[SourceVersion "1"]
[SourceVersionDate "2010.07.15"]
[SourceQuality "1"]

1. e4 c5 2. Nc3 Nc6 3. Nf3 e5 4. Bb5 a6 5. Bxc6 bxc6 6. Nxe5 g6 7. d3 Bg7 8. Nc4 d5 9. Nd2 d4 10. Na4 Bf8 11. Nc4 Be6 12. b3 Bxc4 13. bxc4 Qa5+ 14. c3 dxc3 15. Qb3 Bg7 16. 0-0 c2 17. Qb7 Bxa1 18. Qxa8+ Kd7 19. Qb7+ Kd6 20. Bf4+ Ke6 21. Qxc6+ Ke7 22. Bg5+ f6 23. Rxa1 fxg5 24. Nxc5 Qxa2 25. Qe6+ Kf8 26. Nd7+ Kg7 27. Qe5+ Kh6 28. h3 Qb1+ 29. Rxb1 cxb1Q+ 30. Kh2 Qxd3 31. Qxh8 Qxd7 32. Qxg8 Qg7 33. Qa8 1/2-1/2

[Event "LSS SN-2009-0-00139"]
[Site "LSS email"]
[Date "2009.03.05"]
[Round "?"]
[White "Ong, Allan C"]
[Black "Ragnoli, Emanuele"]
[Result "0-1"]
[WhiteElo "736"]
[BlackElo "722"]
[PlyCount "44"]
[EventDate "2009.02.25"]
[EventType "tourn (corr)"]
[EventRounds "6"]
[EventCountry "GER"]
[SourceTitle "Corr 2011"]
[Source "ChessBase"]
[SourceDate "2010.08.31"]
[SourceVersion "1"]
[SourceVersionDate "2010.08.31"]
[SourceQuality "1"]

1. d4 d5 2. e3 Nf6 3. Bd3 e6 4. f4 Bd6 5. Nf3 0-0 6. 0-0 Nc6 7. c3 Ne4 8. Nbd2 f5 9. Ne5 Nxe5 10. fxe5 Be7 11. Nxe4 fxe4 12. Be2 c6 13. Bd2 Bd7 14. Qb3 b5 15. Rad1 Bh4 16. g3 Qg5 17. Kh1 Bxg3 18. hxg3 Qxg3 19. Rxf8+ Rxf8 20. Be1 Qh3+ 21. Kg1 Qxe3+ 22. Kh1 Qxe2 0-1

[Event "LSS SN-2009-0-00139"]
[Site "LSS email"]
[Date "2009.03.05"]
[Round "?"]
[White "Ragnoli, Emanuele"]
[Black "Vontina, Maria"]
[Result "1-0"]
[WhiteElo "736"]
[BlackElo "649"]
[PlyCount "61"]
[EventDate "2009.02.25"]
[EventType "tourn (corr)"]
[EventRounds "6"]
[EventCountry "GER"]
[SourceTitle "Corr 2011"]
[Source "ChessBase"]
[SourceDate "2010.08.31"]
[SourceVersion "1"]
[SourceVersionDate "2010.08.31"]
[SourceQuality "1"]

1. d4 Nf6 2. Nf3 e6 3. Nc3 Be7 4. e4 0-0 5. Bd3 b6 6. 0-0 Bb7 7. Qe1 d6 8. b3 Nbd7 9. Bb2 h6 10. h3 c5 11. dxc5 Nxc5 12. Qe2 Nxd3 13. cxd3 Rc8 14. Nb5 a6 15. Nbd4 b5 16. e5 dxe5 17. Nxe5 Bc5 18. Qe3 Qd6 19. Rac1 Qd5 20. Nef3 Bxd4 21. Bxd4 Rxc1 22. Rxc1 Rc8 23. Rxc8+ Bxc8 24. Bxf6 gxf6 25. Qxh6 Qxd3 26. Qxf6 Qd7 27. Ne5 Qe8 28. h4 Bb7 29. h5 Be4 30. h6 Bh7 31. Qg7# 1-0

[Event "LSS OP-2009-0-00713"]
[Site "LSS email"]
[Date "2009.01.08"]
[Round "?"]
[White "Ragnoli, Emanuele"]
[Black "Segovia, Didier"]
[Result "1-0"]
[WhiteElo "752"]
[BlackElo "443"]
[PlyCount "43"]
[EventDate "2009.01.06"]
[EventType "tourn (corr)"]
[EventRounds "4"]
[EventCountry "GER"]
[SourceTitle "Corr 2011"]
[Source "ChessBase"]
[SourceDate "2010.08.31"]
[SourceVersion "1"]
[SourceVersionDate "2010.08.31"]
[SourceQuality "1"]

1. d4 Nf6 2. Nc3 d5 3. e3 c5 4. Bb5+ Nc6 5. dxc5 e5 6. b4 Be7 7. Bxc6+ bxc6 8. Nf3 Bg4 9. 0-0 e4 10. h3 Bxf3 11. gxf3 exf3 12. Qxf3 0-0 13. Ne2 Ne4 14. Ng3 Nxg3 15. fxg3 Bf6 16. Rb1 a6 17. a3 Qd7 18. g4 Rab8 19. Bd2 Bh4 20. Be1 Qe7 21. Bxh4 f6 22. Bg3 1-0

[Event "LSS CP-2008-P-00074"]
[Site "LSS email"]
[Date "2008.10.01"]
[Round "?"]
[White "Ragnoli, Emanuele"]
[Black "Fages, Jorge Juan"]
[Result "0-1"]
[WhiteElo "760"]
[BlackElo "2100"]
[PlyCount "70"]
[EventDate "2008.10.01"]
[EventType "tourn (corr)"]
[EventRounds "6"]
[EventCountry "GER"]
[SourceTitle "Corr 2011"]
[Source "ChessBase"]
[SourceDate "2010.08.31"]
[SourceVersion "1"]
[SourceVersionDate "2010.08.31"]
[SourceQuality "1"]

1. d4 Nf6 2. Nc3 d5 3. Bg5 Nbd7 4. Nf3 e6 5. e3 Be7 6. Bb5 0-0 7. 0-0 Ne4 8. Bxe7 Qxe7 9. a3 c6 10. Bd3 Nxc3 11. bxc3 e5 12. dxe5 Nxe5 13. Nxe5 Qxe5 14. c4 dxc4 15. Bxc4 Bf5 16. h3 Rad8 17. Bd3 Rd6 18. Qh5 g6 19. Qg5 f6 20. Qf4 Qxf4 21. exf4 Bxd3 22. cxd3 Rxd3 23. g3 Rfd8 24. Rfe1 Kf7 25. a4 b6 26. h4 c5 27. Rac1 Ra3 28. Ra1 Rdd3 29. Rxa3 Rxa3 30. Re4 f5 31. Rc4 Ke6 32. Kg2 a5 33. f3 Kd5 34. Rc2 Rxa4 35. Rd2+ Rd4 0-1